01692nam a2200265 a 4500001001000000005001700010008004100027041000800068044000700076084002000083100004500103245011200148260004100260300002200301500049700323500014600820500015700966500000901123650005201132650005601184650003401240650004501274700005701319740005001376BRCA_241520190320203810.0131108s1751----sp-a---###---#000-0dspa-u aspa asp a056b.A46c17511 aCervantes Saavedra, Miguel ded1547-161610aVida y hechos del Ingenioso Cavallero Don Quixote de la Manchaccompuesto por Miguel de Cervantes Saavedra. aMadridbPedro Alonso y Padillac1751 a2 v.bil.c21 cm. aContenido : v 1. Primera parte. Algunos de los versos preliminares. Dedicatoria de Cide Hamete Benegeli a D. Quijote. Licencia. Suma de la tasa. Prólogo del autor. Dedicatoria de G. Mayáns I Síscar al Barón de Carteret. Censura de Juan de la Concepción. Suma de la Licencia y la tasa. Vida de Cervantes por Mayáns. Texto. -- v 2. Segunda parte. Versos preliminares. Obras posteriores de los académicos de Argamasilla. Aprovación de la segunda parte. Prólogo del autor. Texto aEdición : Nueva edición corregida e ilustrada con 44 láminas muy apropiadas a la materia. Dedicada al mismo D. Quijote por su chronista aCopia de la edición LO-055. Ejemplar bien conservado; encuadernado en piel; lomos y cubiertas adornados con filetes y escudos dorados Lúdovik Osterc aQM4214aNovela españolayÉpoca clásica, 1500-170014aLiteratura españolayÉpoca clásica, 1500-170014aNovela españolaySiglo XVII14aDon Quijote (Personaje ficticio)eNovela1 aMayáns I Síscar, Gregoriod1699-1781eBiógrafo0 aEl Ingenioso Hidalgo Don Quijote de la Mancha